Wszystkie miasta autostrady A1 - Statystyki

Ogólne statystyki
  • Ten quiz został rozwiązany 27 razy
  • Średni wynik to 15 z 20
Statystyki odpowiedzi
Województwo Liczba mieszkańców Odpowiedź % Poprawnych
Łódzkie 645 700 Łódź
100%
Kujawsko-Pomorskie 169 600 Toruń
100%
Śląskie 211 000 Częstochowa
96%
Łódzkie 66 000 Piotrków Trybunalski
96%
Śląskie 152 500 Zabrze
88%
Śląskie 168 200 Gliwice
83%
Łódzkie 45 200 Radomsko
79%
Śląskie 136 000 Rybnik
79%
Śląskie 146 300 Bytom
75%
Śląskie 82 300 Jastrzębie-Zdrój
75%
Śląskie 36 300 Knurów
75%
Śląskie 61 800 Żory
75%
Śląskie 51 700 Piekary Śląskie
71%
Pomorskie 32 100 Pruszcz Gdański
71%
Łódzkie 7200 Tuszyn
58%
Łódzkie 2800 Kamieńsk
54%
Śląskie 26 400 Czerwionka-Leszczyny
50%
Łódzkie 3500 Stryków
50%
Śląskie 16 200 Radzionków
46%
Śląskie 4100 Woźniki
42%
Nie znaleziono quizów pasujących do podanych kryteriów
Rozkład punktacji
Procent ludzi z każdym wynikiem
Percentyl według liczby udzielonych odpowiedzi
Twoja historia wyników
Nie rozwiązałeś tego quizu